Quantitative restrictions and tariffs with endogenous firm behavior.

Analýza dopadu obchodnej politiky na správanie sa trhu a prosperitu. Optimálne tarify, optimálne kvóty, optimálne tarify-kvóty - charakteristika a porovnanie. Kvóty môžu povzbudzovať konkurenciu a zvyšovať prosperitu, kvóty môžu byť nadriadené nad tarifami. Optimálne tarify-kvóty ako výhodnejšie než...

Descrizione completa

Salvato in:
Dettagli Bibliografici
Autore principale: Syropoulos, C.
Natura: Capitolo di libro
Lingua:inglese
Soggetti:
Tags: Aggiungi Tag
Nessun Tag, puoi essere il primo ad aggiungerne!!

MARC

LEADER 00000naa a2200000 4500
001 r012035
005 20221130112830.8
041 0 |a eng 
044 |a NL 
245 1 0 |a Quantitative restrictions and tariffs with endogenous firm behavior.  |c C. Syropoulos 
520 |a Analýza dopadu obchodnej politiky na správanie sa trhu a prosperitu. Optimálne tarify, optimálne kvóty, optimálne tarify-kvóty - charakteristika a porovnanie. Kvóty môžu povzbudzovať konkurenciu a zvyšovať prosperitu, kvóty môžu byť nadriadené nad tarifami. Optimálne tarify-kvóty ako výhodnejšie než samotné tarify alebo samotné kvóty. 
610 2 0 |a politika zahraničnoobchodná 
610 2 0 |a tarify colné 
610 2 0 |a kvóty 
610 2 0 |a firmy 
610 2 0 |a podnikanie v zahraničí 
610 2 0 |a modely 
610 2 0 |a správanie 
610 2 0 |a dovoz 
610 2 0 |a vývoz 
610 2 0 |a oligopoly 
100 1 |a Syropoulos, C.